[Event "Cheliabinsk"]
[Site "Cheliabinsk"]
[Date "1991.??.??"]
[Round "?"]
[White "Savon, Vladimir A"]
[Black "Masternak, Grzegorz"]
[Result "1/2-1/2"]
[WhiteElo "2465"]
[BlackElo "2320"]
[Annotator "Knaak,R"]
[PlyCount "51"]
[EventDate "1991.??.??"]
[EventType "tourn"]
[EventRounds "11"]
[EventCountry "URS"]
[EventCategory "7"]
[SourceTitle "CBM 025"]
[Source "ChessBase"]
[SourceDate "1991.12.01"]
[SourceVersion "1"]
[SourceVersionDate "1991.12.01"]
[SourceQuality "1"]

1. e4 e6 2. d4 d5 3. Nc3 Bb4 4. e5 Ne7 5. a3 Bxc3+ 6. bxc3 c5 7. Nf3 Nbc6 8. a4
Qa5 9. Bd2 O-O {N} 10. Bd3 {/\ 11.Bh7! Kh7 12.Ng5 Kg8 13.Qh5+/-} f6 11. h4 $5
Bd7 (11... c4 $2 12. Bxh7+ $1 Kxh7 13. Ng5+ $1 fxg5 14. hxg5+ Kg8 15. Qh5 Bd7 (
15... Rf5 16. Qh8+ Kf7 17. Rh7 $18) 16. Rh3 $1 $40 Be8 $6 17. Qh7+ Kf7 18. Rf3+
Nf5 19. g4 Ke7 20. gxf5 Rxf5 (20... exf5 21. g6 Ke6 22. Qxg7 Bd7 23. Rh3 {
/\ 24.Rh8!+-}) 21. Rxf5 exf5 22. Qxg7+ Kd8 23. Qf6+ Ne7 24. Qd6+ Bd7 25. g6 $18
) 12. exf6 (12. Bxh7+ $6 Kxh7 13. Ng5+ fxg5 14. hxg5+ Kg8 15. Qh5 Be8 (15...
cxd4 16. cxd4 Qb6 $13) 16. Qh7+ Kf7 17. Rh6 Bd7 $1 18. Rf6+ (18. g6+ Ke8 19.
Qxg7 Nf5 $19) 18... Ke8 19. Qxg7 (19. g6 $5 gxf6 20. g7 Rg8 21. exf6 Kf7 $1 $19
) 19... Rg8 20. Qf7+ Kd8 21. g6 Kc7 $17) 12... Rxf6 13. Ne5 $6 Nxe5 14. dxe5
Rf7 $10 15. Qh5 Nf5 16. g4 $2 g6 17. Qg5 h6 $1 18. Qxg6+ Rg7 19. Bxf5 (19. Qh5
Be8 $19) (19. Qf6 Rf8 20. gxf5 Rxf6 21. exf6 Rf7 $17) 19... Rxg6 20. Bxg6 $17
Kg7 21. h5 Be8 22. Bd3 c4 23. Be2 d4 24. Rh3 Qxe5 25. cxd4 Qxd4 26. Rd1 1/2-1/2

[Event "POL-ch 53rd"]
[Site "Brzeg Dolny"]
[Date "1996.??.??"]
[Round "8"]
[White "Kuczynski, Robert"]
[Black "Matlak, Marek"]
[Result "1/2-1/2"]
[WhiteElo "2495"]
[BlackElo "2450"]
[Annotator "Knaak,R"]
[PlyCount "25"]
[EventDate "1996.03.09"]
[EventType "tourn"]
[EventRounds "15"]
[EventCountry "POL"]
[EventCategory "9"]
[SourceTitle "CBM 053"]
[Source "ChessBase"]
[SourceDate "1996.08.01"]
[SourceVersion "1"]
[SourceVersionDate "1996.08.01"]
[SourceQuality "1"]

1. e4 e6 2. d4 d5 3. Nc3 Bb4 4. e5 c5 5. a3 Bxc3+ 6. bxc3 Nc6 7. Nf3 {
Kuszynski, der auf 6...Ne7 immer 7.h4 antwortet, tut es hier nicht. Warum?} (7.
h4 Qa5 (7... f6 $5 8. Nf3 Qc7 $13) 8. Bd2 Qa4 9. Nf3 (9. h5 h6 $6 10. Nf3 Nge7
11. Rh4 $14 {1-0 Stripunsky,A-Gavrjushin,O/Moscow op2 EXP 50 1995 (38)}) 9...
f6 (9... cxd4 10. cxd4 Nxd4 11. Bd3 $44) 10. Bd3 c4 11. Be2 Bd7 12. h5 O-O-O
13. h6 gxh6 14. Bxh6 Nxh6 {Der Springer hat ohne Entwicklung seinen Dienst
getan. Besser kann man 6...Nc6 gegenüber 6...Ne7 kaum rechtfertigen.} 15. Rxh6
fxe5 16. dxe5 Rdf8 17. Qd2 Qb5 18. a4 Qb2 19. Rd1 Qa3 $15 {0-1 Iglesias,
J-Giaccio,A/Buenos Aires VII Najdorf op 1995 (33)}) 7... Bd7 {Eine neue
Stellung!} 8. Bd3 {Damit kann Weiß nicht auf Vorteil rechnen, aber genau
genommen, ist schon 7.Nf3 ohne Ambitionen auf besseres Spiel.} Qa5 9. Bd2 (9.
O-O Qxc3 (9... c4 10. Be2 Qxc3 11. Bd2 Qb2 12. Rb1 Qxa3 13. Rxb7 Qa6 $13) 10.
Bd2 Qb2 11. Rb1 Qxa3 12. Ra1 Qb2 13. Rb1 $10) 9... c4 10. Be2 f6 $10 11. O-O
O-O-O 12. Qc1 Nge7 13. Re1 1/2-1/2

[Event "Interzonal-15"]
[Site "Manila"]
[Date "1990.??.??"]
[Round "11"]
[White "De Firmian, Nick E"]
[Black "Nikolic, Predrag"]
[Result "1/2-1/2"]
[WhiteElo "2560"]
[BlackElo "2600"]
[Annotator "Knaak,R"]
[PlyCount "121"]
[EventDate "1990.06.29"]
[EventType "swiss"]
[EventRounds "13"]
[EventCountry "PHI"]
[SourceTitle "CBM 019"]
[Source "ChessBase"]
[SourceDate "1990.12.01"]
[SourceVersion "1"]
[SourceVersionDate "1990.12.01"]
[SourceQuality "1"]

1. e4 e6 2. d4 d5 3. Nc3 Bb4 4. e5 c5 5. a3 Bxc3+ 6. bxc3 Ne7 7. Nf3 b6 8. Bb5+
Bd7 9. Bd3 h6 10. a4 Qc7 11. O-O Nbc6 12. Ba3 Na5 13. Nd2 O-O 14. dxc5 Qxe5 $5
{N} (14... bxc5 15. Nb3 (15. Re1 f6 16. exf6 Rxf6 17. c4 $1 $14) 15... Nxb3 16.
cxb3 a5 {Kindermann-Mohr,S/Dortmund-A/1989}) 15. cxb6 Rfe8 16. c4 axb6 17. Re1
Qf6 18. cxd5 exd5 19. Rb1 $14 {^^} Nec6 20. Rxb6 Qd4 21. Rb1 Qxa4 22. Bd6 Rxe1+
23. Qxe1 Nd4 24. Qd1 Nf5 25. Ra1 Qd4 26. Nb3 Qb6 27. Bxf5 Bxf5 28. Qxd5 Rd8 29.
Qxf5 Nxb3 30. cxb3 Qxd6 31. g3 Qd4 32. Re1 g6 33. Qf3 Rd5 34. Re8+ Kg7 35. Qe3
Qxe3 36. Rxe3 Rd2 37. Kg2 Rb2 38. h4 g5 39. hxg5 hxg5 40. g4 f5 41. gxf5 Kf6
42. Kf3 Kxf5 43. Rc3 Ke6 44. Rc6+ Kd5 45. Rb6 Kc5 46. Rg6 Rxb3+ 47. Kg4 Kd5 48.
Rf6 Ke4 49. f3+ Ke3 50. Kxg5 Rb8 51. f4 Rg8+ 52. Kf5 Kf3 53. Rf7 Re8 54. Rf6
Ra8 55. Kg6 Rg8+ 56. Kf7 Rh8 57. Kg7 Rh1 58. f5 Kf4 59. Rf8 Kg5 60. Rf7 Rh6 61.
Rf8 1/2-1/2

[Event "GER CupT"]
[Site "Germany"]
[Date "1991.??.??"]
[Round "?"]
[White "Tischbierek, Raj"]
[Black "Poldauf, Dirk"]
[Result "1/2-1/2"]
[WhiteElo "2500"]
[BlackElo "2355"]
[Annotator "Knaak,R"]
[PlyCount "86"]
[EventDate "1991.??.??"]
[EventType "team"]
[EventRounds "9"]
[EventCountry "GER"]
[SourceTitle "CBM 024"]
[Source "ChessBase"]
[SourceDate "1991.10.01"]
[SourceVersion "1"]
[SourceVersionDate "1991.10.01"]
[SourceQuality "1"]

1. e4 e6 2. d4 d5 3. Nc3 Bb4 4. e5 c5 5. a3 Bxc3+ 6. bxc3 Ne7 7. Nf3 Qa5 8. Bd2
Nbc6 9. a4 Bd7 10. Bb5 a6 $5 {Vielleicht die einfachste Lösung des Problems 10.
Bb5.} 11. Be2 f6 12. c4 Qc7 13. cxd5 Nxd5 14. c4 Nde7 15. exf6 gxf6 16. dxc5
O-O-O 17. Bc3 e5 18. Qd6 Nf5 19. Qxc7+ Kxc7 $10 {Die Stellung ist bekannt, mit
Pa7 statt a6 (Timman-Kortschnoj/Leeuwarden/1976/ i22/251). ><b6 spielt keine
große Rolle.} 20. O-O-O Rhg8 21. g3 a5 22. Bd3 Nb4 23. Bxb4 axb4 24. Rhe1 h5
25. Bc2 Be6 26. Kb2 Ne7 $15 27. Nd4 Bxc4 28. Nb5+ Kc6 29. Rd6+ Kxc5 30. Rxf6
Nc6 31. Be4 Rd2+ 32. Kc1 Ra2 33. Bb1 Rxa4 34. Nc7 Ra3 (34... b3 $5) 35. Ne6+
Bxe6 36. Rxe6 Rc3+ (36... Rf8 $1 37. Re2 Rff3 $15) 37. Kb2 Rd8 38. Re2 Rd1 39.
Bc2 Rd4 40. Be4 Rd6 (40... Na5 $2 41. Rxe5+ Kb6 42. Bd5) 41. Rxd6 Kxd6 42. Rd2+
Kc5 43. Rd3 Kc4 1/2-1/2

[Event "Olympiad-31"]
[Site "Moscow"]
[Date "1994.12.04"]
[Round "4.3"]
[White "Kovalev, Andrei"]
[Black "Dimitrov, Vladimir"]
[Result "1-0"]
[WhiteElo "2525"]
[BlackElo "2475"]
[Annotator "Kovalev,A"]
[PlyCount "67"]
[EventDate "1994.12.01"]
[EventType "team-swiss"]
[EventRounds "14"]
[EventCountry "RUS"]
[SourceTitle "CBM 045"]
[Source "ChessBase"]
[SourceDate "1995.04.01"]
[SourceVersion "1"]
[SourceVersionDate "1995.04.01"]
[SourceQuality "1"]
[WhiteTeam "Belarus"]
[BlackTeam "Bulgaria"]
[WhiteTeamCountry "BLR"]
[BlackTeamCountry "BUL"]

1. e4 e6 2. d4 d5 3. Nc3 Bb4 4. e5 c5 5. a3 Bxc3+ 6. bxc3 Ne7 7. Nf3 b6 8. Bb5+
Bd7 9. a4 Bxb5 10. axb5 Qd7 11. Rb1 {N/} (11. Qe2 c4 12. Ba3 h6 $1 13. Nh4 Qxb5
$2 14. Qg4 Rg8 $8 15. O-O $2 (15. Bxe7 $1 Kxe7 16. f4 $36) 15... Qd7 16. Rfb1
Nbc6 17. Qh5 $2 (17. Bxe7 $5) 17... O-O-O 18. Nf3 (18. Qxf7 g6 $19) 18... Nf5
$15 {Markovic,M-Raicevic,V/JUG-ch/1991/0,5/37/}) 11... c4 12. Ng5 $1 h6 (12...
a6 $32) 13. Nh3 Ng6 $5 (13... a6 14. bxa6 Rxa6 15. Nf4 $36) 14. Ba3 $14 a6 15.
bxa6 (15. Bd6 axb5 16. Ra1 Rxa1 17. Qxa1 Qb7 18. Qb2 $16) 15... Rxa6 16. Bd6
Nc6 17. Ra1 Qa7 18. Rxa6 Qxa6 19. Kd2 $1 Nce7 $6 (19... Nge7 $1 $10) 20. Qh5 $1
Nf5 $2 (20... Nc8 $1 21. Bb4 Nge7 $14) (20... O-O 21. g4 $1 $40) 21. Bb4 Qa4
22. Rb1 Kd7 23. Qd1 (23. g4 Nfh4 24. f4 Nf3+ 25. Kd1 Ngxe5 {/\g6/}) 23... Qc6 (
23... Ra8 24. g4 Nfh4 25. f4 Qc6 26. Qf1 $16) 24. g4 Nfe7 25. Qf3 Rf8 26. Ra1
Qb7 27. Nf4 $1 $16 Nxf4 28. Qxf4 Kc6 $6 (28... Ke8 29. h4 Rg8 30. h5 $1) 29. h4
Qd7 30. Ke2 $1 Kb7 31. Qc1 $1 Rd8 (31... Ra8 32. Rxa8 Kxa8 33. Qa3+ $18) 32.
Qa3 $18 Ng6 33. Qa6+ Kc6 34. Ra5 $1 1-0

[Event "Metz op 31th"]
[Site "Metz"]
[Date "2013.07.24"]
[Round "7"]
[White "Svetushkin, Dmitry"]
[Black "Nisipeanu, Liviu Dieter"]
[Result "1-0"]
[WhiteElo "2588"]
[BlackElo "2677"]
[Annotator "Metz Alekhine/Primel,D"]
[PlyCount "75"]
[EventDate "2013.04.20"]
[EventType "swiss"]
[EventRounds "9"]
[EventCountry "FRA"]
[SourceTitle "EXT 2016"]
[Source "ChessBase"]
[SourceDate "2015.10.08"]
[SourceVersion "1"]
[SourceVersionDate "2015.10.08"]
[SourceQuality "1"]
[TimeControl "40/5400:1800+30"]
[WhiteClock "1:30:00"]
[BlackClock "1:30:00"]

1. e4 e6 2. d4 d5 3. Nc3 Bb4 4. e5 c5 5. a3 Bxc3+ 6. bxc3 Ne7 7. Nf3 (7. Qg4 {
La grande ligne} Kf8 8. a4 (8. Nf3) (8. Qd1) (8. h4) 8... Qc7 9. Qd1 (9. Nf3)
9... cxd4 (9... b6) (9... Nbc6 10. Ra3 $5 {Kreiman,B (2493)-Kaidanov,G (2596)
USA-ch Seattle 2002 (2) 1-0}) 10. cxd4 Qc3+ 11. Bd2 Qxd4 12. Nf3 Qe4+ {
Naiditsch,A (2727)-Socko,B (2661) EU-chT (Men) 19th 2013 (2.7) 1-0} (12... Qg4
13. h3 Qe4+ 14. Be2)) 7... b6 {[%cal Gc8a6]} (7... Nbc6 {La grande ligne}) 8.
Bb5+ {La manoeuvre classique pour empêcher la libération du Ba6} Bd7 9. Bd3
Ba4 {L'occupation de la case a4 par le B ou la Q est un grand thème de la
Winawer} (9... Qc7) (9... c4) 10. h4 (10. O-O {L'alternative mais les Blancs
choisissent une ligne plus ambitieuse}) 10... Qc7 (10... h6 11. h5 {[%csl Rg6,
Rg7]} Qc7 (11... c4)) (10... Nbc6) 11. Bd2 Nd7 {Nc6 semble un peu plus actif} (
11... Nbc6 12. h5 cxd4 13. cxd4 Nf5 $132 {Alonso,S (2444)-Panno,O (2474)
Vicente Lopez Magistral 7th 2004 (1) 1/2-1/2}) 12. h5 h6 13. O-O a6 $5 $146 {
[%cal Gc7c6,Ga4b5] Revient à l'idée initiale de la variante b6 à savoir
l'échange du mauvais B mais c'est assez lent et les Noirs ne sont pas
certains d'avoir assez de compensations pour le P"b5" qui risque de tomber} (
13... c4 14. Be2 f6 {Schmaltz,R (2520) -Sjodahl,P (2420) Harplinge 1998 (2) 1/
2-1/2}) (13... O-O-O) 14. Qb1 $1 {[%csl Rb6][%cal Gb1b2,Ga1b1]} Qc6 15. Qb2 Bb5
16. Bxb5 Qxb5 17. Qxb5 axb5 18. Rfb1 $1 {[%csl Rb5,Re8] Après l'échange du
mauvais B et de la Q, les Noirs pensaient avoir égalisé mais les Blancs
gardent une petite avance de développement.} c4 (18... Nc6 $142 $5 {Garder la
tension au centre est peut-être un meilleur chemin vers l'égalité car
après la poussée c4, le Bc1 défendra facilement la faiblesse "a3"} 19. Rxb5
Ra4 {[%csl Ra3][%cal Ge8e7,Gh8a8]} 20. Be3 Rc4 21. Rb3 Na5 $132) 19. Rxb5 Ra4
$1 {[%csl Ra3][%cal Ge7c6,Ge8e7,Gh8a8] Fixant la faiblesse "a3" avant de
doubler les R pour l'attaquer} 20. Nh4 O-O (20... Nc6 $5 21. f4 Ke7 22. f5 Rha8
23. Bc1 Na7 24. Rb4 $14) (20... Kd8 $5 {[%cal Gd8c7,Gh8a8] Avec un centre
fermé, le K Noir peut probablement rester au centre pour anticiper la finale}
21. g4 Kc7 22. f4 Rha8 $44) 21. g4 {[%csl Gf5][%cal Gf2f4,Gf4f5]} Rfa8 22. Bc1
$1 $14 {[%csl Rd7,Re7][%cal Gc1a3] Les compensations des Noirs pour le Pb5
sont assez incertaines car la paire de N manque d'activité.} R4a5 23. Rxa5
Rxa5 24. f4 f5 25. Kg2 (25. Kf2 Rb5 26. gxf5 Nxf5) 25... Rb5 26. gxf5 Nxf5 27.
Kh3 Kf7 28. Kg4 $16 {[%csl Rf7,Gg4,Rg7][%cal Gh4f5] Les Blancs ont une bonne
finale et ils ont remporté la victoire pour le contrôle de la case
importante "f5"} Nxh4 29. Kxh4 Nb8 {Le signe que la position Noire n'est pas
trés saine car malgré le centre fermé, le Bc1 est meilleur que le N qui
manque de cases centrales} 30. Kg4 $36 {[%cal Gf4f5]} g6 $2 31. Kf3 $1 {
Préparant la poussée f5 sans craindre un échec intermédiaire} (31. a4 Ra5
32. hxg6+ Kxg6 33. f5+ $1 exf5+ 34. Kf4 Nc6 35. Rb1 {[%csl Rb6]}) (31. hxg6+ $1
Kxg6 32. f5+ $1 exf5+ 33. Kf4 h5 34. a4 Ra5 35. Rb1 Nd7 36. Bd2 $40 {[%csl Ge5,
Rf5,Rg6][%cal Gb1g1]}) 31... Nc6 32. f5 $1 {[%csl Rh6]} exf5 33. Bxh6 gxh5 34.
Rg1 $40 Rb2 35. Rg7+ Ke8 36. Rc7 Nd8 37. Bg5 Nf7 38. Bf6 1-0

[Event "ROM-chT"]
[Site "Herculane"]
[Date "1996.??.??"]
[Round "?"]
[White "Iordachescu, Viorel"]
[Black "Popescu, Daniel Dorin"]
[Result "1/2-1/2"]
[WhiteElo "2460"]
[BlackElo "2370"]
[Annotator "Milu,R"]
[PlyCount "83"]
[EventDate "1996.??.??"]
[EventType "team"]
[EventRounds "5"]
[EventCountry "ROU"]
[SourceTitle "CBM 056 Extra"]
[Source "ChessBase"]
[SourceDate "1997.03.01"]
[SourceVersion "1"]
[SourceVersionDate "1997.03.01"]
[SourceQuality "1"]

1. e4 e6 2. d4 d5 3. Nc3 Bb4 4. e5 c5 5. a3 Bxc3+ 6. bxc3 Ne7 7. Nf3 b6 8. Bb5+
Bd7 9. Bd3 Ba4 10. h4 Nbc6 11. h5 h6 12. Bf4 c4 13. Be2 Kd7 14. Nh2 Qg8 15. Ng4
Nf5 16. Qd2 b5 17. O-O a5 18. Ne3 Qh7 19. Bh2 Raf8 20. Nd1 Nce7 21. Rc1 Rb8 22.
Ne3 Nc6 23. Bg4 Nce7 24. Bh3 Rbf8 25. Nd1 g6 26. hxg6 Qxg6 27. Kh1 h5 28. Bf4
Rfg8 29. Nb2 Kc6 30. Nxa4 bxa4 31. Rb1 Rb8 32. Bg5 Kc7 33. Bf6 Rhg8 34. Kh2 Nc6
35. Qf4 Nh6 36. Bh4 Kd7 37. Rfe1 Nf5 38. g3 Rxb1 39. Rxb1 Rb8 40. Rxb8 Nxb8 41.
Bg5 Na6 42. Bxf5 $16 (42. Bxf5 exf5 (42... Qxf5 43. Qxf5 exf5 44. Kh3 Nc7 45.
Bc1 Nb5 46. Bb2 $18) 43. Qh4 Nb8 (43... Nc7 44. Bd8 Qe6 45. Bxc7 Kxc7 46. Qxh5)
44. Bd8 Nc6 45. Bb6 $16 {/\f3, Kh3, Qf4, Kh4, Qg5}) 1/2-1/2

[Event "URS-ch48 First League"]
[Site "Tashkent"]
[Date "1980.10.??"]
[Round "?"]
[White "Tseshkovsky, Vitaly"]
[Black "Dolmatov, Sergey"]
[Result "1-0"]
[WhiteElo "2595"]
[BlackElo "2535"]
[Annotator "Moiseev,V"]
[PlyCount "85"]
[EventDate "1980.10.02"]
[EventType "tourn"]
[EventRounds "17"]
[EventCountry "URS"]
[EventCategory "10"]
[SourceTitle "MCL"]
[Source "ChessBase"]
[SourceDate "1999.07.01"]
[SourceVersion "1"]
[SourceVersionDate "1999.07.01"]
[SourceQuality "1"]

1. e4 e6 2. d4 d5 3. Nc3 Bb4 4. e5 c5 5. a3 Bxc3+ 6. bxc3 Ne7 7. Nf3 Bd7 8. Rb1
{N} (8. dxc5 Qc7 9. Bd3 Ba4 10. Rb1 Nd7 11. O-O Nxc5 12. Rb4 Nxd3 13. Qxd3 Bd7
14. Re1 Rc8 15. Bd2 a6 16. a4 b5 $10 {Dolmatov,S-Gdanski,J/Polanica Zdroj/1993/
0,5/ (21) Inf 58/328/}) (8. a4 Qa5 9. Bd2 Nbc6 10. Bb5 Qc7 11. O-O O-O 12. Bc1
{N} b6 $13 {Nunn,J-Yusupov,A/Belgrade/1991/ Inf 53/287/} 13. Ba3 Na5) 8... Qc7
9. Be2 Nbc6 $6 (9... Ba4 $5 10. dxc5 Nd7 11. Rb4 Bc6 $10) 10. O-O f6 11. Bf4 f5
$6 (11... Ng6 $5) 12. dxc5 Ng6 13. Be3 O-O (13... Ngxe5 $2 14. Nxe5 Nxe5 15.
Bf4 $18) 14. c4 $1 $16 Nce7 (14... dxc4 15. Bxc4 Ngxe5 $2 16. Nxe5 Nxe5 17. Bf4
Qxc5 18. Bxe5 $18) (14... f4 15. Bd4) 15. Re1 h6 16. Nd4 $1 f4 17. Bd2 Nxe5 18.
Bc3 Nf7 (18... a6 $5) 19. Nb5 Bxb5 20. Rxb5 Qc6 (20... Rad8 21. Ba5) 21. Bg4 e5
(21... dxc4 22. Bxe6 $1 Qxb5 (22... Rad8 23. Qg4) 23. Qd4 Nf5 24. Bxf5 $18) 22.
Bxe5 Nxe5 23. Rxe5 dxc4 24. Rb1 $18 Qc7 (24... Rad8 25. Qe2 $18) 25. Qd6 Qxd6
26. cxd6 Nc6 27. Rc5 Rad8 28. d7 Rb8 29. Rxc4 g5 30. Rc5 Kg7 31. Kf1 Kf6 32.
Re1 Rbd8 33. f3 Rf7 34. Rf5+ Kg7 35. Rxf7+ Kxf7 36. Re8 Kg6 37. Re6+ Kg7 38.
Re8 Kg6 39. Ke2 h5 40. Bh3 Kf7 41. Be6+ Kf6 42. Kd3 Ke5 43. c4 1-0

[Event "DEN-ch"]
[Site "Esbjerg"]
[Date "1997.03.25"]
[Round "4"]
[White "Sahl, Bjarke"]
[Black "Mortensen, Erling"]
[Result "1/2-1/2"]
[WhiteElo "2415"]
[BlackElo "2450"]
[Annotator "Mortensen,E"]
[PlyCount "41"]
[EventDate "1997.03.22"]
[EventType "tourn"]
[EventRounds "9"]
[EventCountry "DEN"]
[EventCategory "10"]
[SourceTitle "CBM 060"]
[Source "ChessBase"]
[SourceDate "1997.09.29"]
[SourceVersion "1"]
[SourceVersionDate "1997.09.29"]
[SourceQuality "1"]

1. e4 e6 2. d4 d5 3. Nc3 Bb4 4. e5 c5 5. a3 Bxc3+ 6. bxc3 Ne7 7. Nf3 b6 8. Bb5+
Bd7 9. Bd3 c4 10. Be2 (10. Bf1 $5) 10... Ba4 11. h4 h6 12. Ng1 $5 ({Well known
is} 12. h5 Nbc6 {followed by Kd7 and Dg8-h7.}) 12... Nbc6 13. Nh3 Ng6 14. g3 {
Bjarke wants to use the h5-square for his pieces.} Kd7 15. Bh5 Nce7 16. Ra2 Qg8
17. O-O Kc7 18. Kh2 Kb7 19. f4 Nf5 20. Qe2 ({White only gets problems after} 
20. g4 Nfxh4 21. f5 Nf8 22. fxe6 fxe6 23. Rf7+ Ka6 {and g7-g6 is a serious
threat.}) 20... Nge7 21. Bd2 {After g7-g6 and h6-h5 it will be dangerous for
both players to open the position.} 1/2-1/2

[Event "Interzonal-10a"]
[Site "Biel"]
[Date "1976.07.26"]
[Round "12"]
[White "Byrne, Robert Eugene"]
[Black "Smyslov, Vassily V"]
[Result "1-0"]
[WhiteElo "2540"]
[BlackElo "2580"]
[Annotator "Myers,D"]
[PlyCount "73"]
[EventDate "1976.07.11"]
[EventType "tourn"]
[EventRounds "19"]
[EventCountry "SUI"]
[EventCategory "12"]
[SourceTitle "IZT"]
[Source "ChessBase"]
[SourceDate "1999.07.01"]
[SourceVersion "1"]
[SourceVersionDate "1999.07.01"]
[SourceQuality "1"]

1. e4 e6 2. d4 d5 3. Nc3 Bb4 4. e5 Ne7 5. a3 Bxc3+ 6. bxc3 c5 7. Nf3 Bd7 8. Bd3
$5 c4 $6 (8... Ba4) (8... Qa5) (8... Nbc6) 9. Bf1 $5 (9. Be2 Ba4 10. Ng5 Qa5
11. Bd2 h6 12. Nh3 Nbc6 $13) 9... Ba4 $6 (9... Qa5 $142 10. Bd2 Nbc6 11. g3 f5
(11... O-O-O $10 {Watson}) 12. exf6 gxf6 13. Bg2 O-O-O 14. O-O Nf5 $13) 10. g3
$1 $16 {Byrne} Qa5 11. Bd2 Nd7 (11... Nbc6 12. Bh3 h6 13. Nh4 O-O-O 14. f4 Rdg8
15. O-O g5 16. Ng2 {Ivanovic-Raicevic/JUG-ch/1977/} Rg7 17. Ne3 gxf4 18. Rxf4
h5 19. Qf3 Nd8 20. Rf6 $14 {Ivanovic}) 12. Bh3 Nb6 13. O-O Bd7 14. Nh4 $1 $16 {
Matanovic} Na4 (14... Ng6 15. Ng2 O-O-O 16. f4 $16) 15. f4 $1 $16 Nf5 $6 (15...
g6 16. f5 $1 Nxf5 17. Nxf5 gxf5 18. g4 $1 $16 {Byrne}) 16. Nxf5 exf5 17. g4 $1
fxg4 18. Bxg4 f5 $6 (18... O-O-O 19. f5 Rde8 20. Qf3 g6 21. fxg6 fxg6 22. Bxd7+
Kxd7 23. Qf7+ Kc8 24. e6 $1) 19. exf6 O-O-O (19... gxf6 20. Re1+ Kd8 21. Bxd7
Kxd7 22. Qg4+ $18 {Byrne}) 20. fxg7 Rhg8 21. Kh1 Rxg7 22. Bxd7+ Rdxd7 23. f5 $1
$18 Qd8 24. Qf3 Nb6 (24... Rdf7 25. Rae1) 25. Bf4 Rdf7 26. Bg3 Qg5 27. Rae1 Qg4
28. Qe3 $1 Re7 29. Qxe7 $1 Rxe7 30. Rxe7 Kd8 31. f6 Nd7 32. Rxd7+ $1 Kxd7 33.
f7 Qe4+ 34. Kg1 Qe3+ 35. Kg2 Qe4+ (35... Qe2+ 36. Rf2 Qe4+ 37. Rf3 Qe2+ 38. Bf2
$18) 36. Rf3 Qxc2+ 37. Kh3 1-0